[Event "Groningen Harmonie"]
[Site "Groningen"]
[Date "2002.12.23"]
[Round "3"]
[White "Ernst, Sipke"]
[Black "Jonkman, Harmen"]
[Result "1-0"]
[WhiteElo "2497"]
[BlackElo "2456"]
[Annotator "Ribli,Z"]
[PlyCount "73"]
[EventDate "2002.12.21"]
[EventType "tourn"]
[EventRounds "9"]
[EventCountry "NED"]
[EventCategory "10"]
[SourceTitle "CBM 093"]
[Source "ChessBase"]
[SourceDate "2003.04.01"]
[SourceVersion "1"]
[SourceVersionDate "2003.04.01"]
[SourceQuality "1"]

1. c4 e6 2. d4 Nf6 3. Nc3 d5 4. Nf3 dxc4 {Das ist die sogenannte Wiener
Variante des Damengambits, die gewöhnlich zu lebendigem Figurenspiel mit
beiderseitigen taktischen Chancen führt.} 5. e4 {Statt dieses Zuges konnte
Weiß das Spiel mit 5.e3 zum Angenommenen Damengambit überführen.} Bb4 6. Bg5 c5
7. Bxc4 cxd4 8. Nxd4 Qa5 {Die Hauptfortsetzung wäre 8...Bxc3+ 9.bxc3 Qa5. Mit
dem sofortigen Damenzug lässt Schwarz den Zug 9.Bd2 zu (die Partiefortsetzung),
vermeidet aber dafür einige scharfe Varianten - z.B. die Variante 8...Bxc3 9.
bxc3 Qa5 10.Bb5+ Bd7 11.Bxf6 gxf6 12.Qb3. Diese Variante - ohne 8...Bxc3 9.
bxc3 wäre hier ganz schlecht für Weiß, weil dann der Bb5 mit Schach hängt.} 9.
Bd2 Qc5 {Dieser Zug scheint logisch, weil Schwarz anscheinend ein Tempo
gewinnt, aber die natürliche Rochade ist nach meiner Meinung die bessere
Alternative für Schwarz.} (9... O-O $5 10. Qe2 e5 11. Nc2 Nc6 12. O-O-O Nd4 13.
Nxd4 exd4 14. Nd5 Nxd5 15. Bxd5 Be6 16. Bxb4 Qxb4 17. Qd2 Qc5+ 18. Kb1 Bxd5 19.
exd5 Qxd5 20. Qxd4 {1/2-1/2 Browne,W-Atalik,S/San Francisco 2002/CBM 92 (20)})
10. Bb5+ Nbd7 (10... Bd7) 11. Nb3 Qb6 (11... Qe7 $5 {Dieser Damenzug kommt
stark in Betracht.}) 12. O-O $5 {Die einfache kurze Rochade ist das letzte
Wort der Theorie der Wiener Variante. Weiß verteidigt nicht den Bb5, weil er
im Falle von 12...Bxc3 die Initiative nach 13.Bxd7+ erhält.} (12. Qe2 a6 13.
Bd3 Ne5 14. O-O (14. Bb1 Bd7 15. f4 Bxc3 (15... Ng6 $5) 16. Bxc3 Bb5 17. Qf2
Nd3+ 18. Bxd3 Qxf2+ 19. Kxf2 Bxd3 20. Bxf6 gxf6 21. Nc5 $14 {1/2-1/2 Pogorelov,
R-Kulaots,K/Moscow RUS 2002/(42)}) 14... Bd7 15. Rac1 (15. Rfd1 Rc8 (15... Nxd3
$6 16. Qxd3 Bc6 17. e5 $1 (17. Qg3 $2 Bxc3 18. Bxc3 Nxe4 19. Qxg7 Qxf2+ 20. Kh1
Nxc3 21. bxc3 Ke7 {0-1 Cvitan,O-Horvath,C/Pula 2001/EXT 2002 (25)}) 17... Nd5
18. Ne4 Be7 19. Qg3 $36) 16. Be3 Qc7 17. Bd4 O-O 18. Rac1 Qb8 19. Bb1 Bc6 20.
a3 Bxc3 21. Rxc3 Bb5 22. Qc2 Nfg4 {1/2-1/2 Sriram,J-Ravi,L/Mumbai IND 2003/(78)
}) 15... O-O 16. Be3 $1 $146 (16. Bg5 $2 Nxd3 17. Qxd3 Bxc3 $1 18. Bxf6 Bxf6
19. Qxd7 Bxb2 $17 {0-1 Pelletier,Y-Kasparov,G/Zuerich 2001/CBM 83/[Ribli] (41)}
) 16... Qd6 17. Rfd1 Neg4 18. g3 Nxe3 19. Qxe3 Ng4 20. Qg5 {1-0 Gelfand,
B-Khalifman,A/Moscow 2002/CBM 91/[Ribli] (29)}) 12... a6 (12... Bxc3 13. Bxd7+
Bxd7 14. Bxc3 $36) (12... O-O 13. Be3 $14) 13. Bxd7+ Nxd7 (13... Bxd7 14. e5
Bxc3 15. bxc3 $16 {Nach dem Springerzug muss Schwarz mit Qg4 rechnen.}) 14. Qg4
{[%csl Gg4] Weiß hat Entwicklungsvorteil und die schwarzen Figuren fehlen am
Königsflügel.} Bf8 (14... O-O 15. Bh6 $16) (14... g6 15. Bh6 $16) 15. Rfe1 {
Dieser Zug ist nicht schlecht, aber die Alternative - 15.Rac1 - scheint mir
noch besser.} (15. Rac1 $1 h5 16. Qe2 $1 Bd6 17. Be3 Qd8 18. Rfd1 Qe7 19. Qd2
Bb8 20. Na4 O-O 21. Nbc5 $16 {1-0 Teske,H-Naumann,A/Wattenscheid GER 2003/(30)}
) 15... h5 {Schwarz muss die Dame von g4 verjagen, sonst er seinen
Königsflügel nicht entwickeln.} (15... Ne5 16. Qg3 $16 (16. Qe2 $14)) 16. Qh3 (
16. Qe2 Bd6 17. Be3 Qd8 $14) 16... Bd6 17. Bg5 $36 {Weiß hat eine deutliche
Initiative, weil der schwarze König in der Mitte steht.} (17. Be3 Qd8 (17...
Qc7 18. Rac1 $16) 18. Rad1 $16) 17... Ne5 {[%cal Ge5g4,Gg4h2,Gg4f2]} 18. Rad1 {
Weiß beschäftigt sich nicht mit der Drohung 18...Ng4, sondern zentralisiert
den Turm.} Ng4 19. Re2 f6 (19... Bxh2+ 20. Qxh2 $1 Nxh2 21. Na4 Qc7 22. Rc2 Qd7
23. Rxd7 Bxd7 24. Nb6 Rb8 25. Bf4 $18 {[%cal Rf4b8,Rf4h2]}) 20. Be3 Qc7 (20...
Nxe3 21. Rxe3 $16 {[%cal Re3d3,Rd1d8]}) 21. Na4 {[%cal Ga4b6,Gb6a8,Gb6c8,Ge3b6,
Gb6c7] Droht hauptsächlich Nb6 oder Bb6.} Bxh2+ (21... Bd7 22. Nb6 $36) 22. Kh1
Nxe3 (22... e5 23. Bb6 Qc4 24. Qf3 O-O (24... Qxa4 25. Rd8+ Kf7 26. Rxh8 $18)
25. Nc3 Qf7 26. Nd5 $16) 23. Rxe3 {[%csl Re8] Schwarz hat zwar das Läuferpaar
und einen Bauern mehr, aber sein Koenig steht allein in der Mitte und die
schwarze Figurenkoordination ist schlecht. Momentan droht 24.g3 mit
Figurengewinn.} Be5 24. Rc1 Qd6 {Die Dame muss die Drohung Nb6 verhindern.} (
24... Qe7 25. Nb6 $18 {[%cal Rb6a8,Rb6c8]}) 25. Rd3 Qb4 26. Rxc8+ $1 $16 {
[%mdl 64] Mit diesem Zug gewinnt Weiß zeitweilig eine Figur und bekommt sehr
starken Angriff.} Ke7 (26... Rxc8 27. Qxe6+ $18 {[%cal Re6e8,Re6c8]}) 27. Rc1 {
Weiß muss mit dem Turm zurück, weil Schwarz 27...Qe1# drohte.} Qxa4 (27... Rac8
$2 28. Nac5 $18) 28. Nc5 {[%cal Rc5a4,Rd3d7,Rd7e7]} Qc6 29. Rd7+ {[%mdl 128]
Das Eindringen des Turms auf die 7. Reihe ist tödlich für Schwarz.} Qxd7 (29...
Ke8 30. Rxb7 Rc8 31. Qb3 $18 {[%csl Re8][%cal Rb7b6,Rb6e6]}) 30. Nxd7 Kxd7 {
Schwarz hat Turm, Läufer und Bauern gegen die Dame, was theoretisch ein
vollwertiger Ersatz ist, aber die schwarze Koenigsstellung ist schrecklich.}
31. Rd1+ Ke7 (31... Kc7 32. Qxe6 $18) 32. Qa3+ $18 Ke8 (32... Kf7 33. Rd7+ $18)
33. Qb3 {[%cal Rb3b7,Rb3e6]} Kf7 34. Rd7+ Kg6 35. Qxe6 {Droht 36.Qf7+ und 37.
Qxg7.} Rhg8 36. g4 Rac8 (36... hxg4 37. Qxg4+ Kh6 38. f4 $18) 37. Qf5+ 1-0

[Event "Moscow Aeroflot op"]
[Site "Moscow"]
[Date "2002.02.07"]
[Round "4"]
[White "Bagirov, Rufat"]
[Black "Kosyrev, Vladimir"]
[Result "1/2-1/2"]
[WhiteElo "2471"]
[BlackElo "2565"]
[Annotator "Ribli,Z"]
[PlyCount "79"]
[EventDate "2002.02.04"]
[EventType "swiss"]
[EventRounds "9"]
[EventCountry "RUS"]
[SourceTitle "CBM 088"]
[Source "ChessBase"]
[SourceDate "2002.03.21"]
[SourceVersion "1"]
[SourceVersionDate "2002.03.21"]
[SourceQuality "1"]

1. d4 e6 2. c4 d5 3. Nc3 Nf6 4. Nf3 Bb4 5. Bg5 dxc4 {Durch Zugumstellung haben
wir die Grundstellung der Wiener Variante des Damengambits erreicht.} (5... h6)
(5... Nbd7) 6. e4 c5 7. e5 {Heutzutage spielt man lieber die Variante 7.Bxc4.
Der Textzug war vor ungefähr 15 Jahren aktuell.} cxd4 8. Qa4+ (8. Nxd4 {
Das war meine theoretische Neuerung, die ich seinerzeit erfolgreich gegen
Tschernin ausprobieren konnte (Ribli,Z - Tschernin, A Subotica 1987).
Heutzutage ist dies eine theoretische Hauptlinie.} Bxc3+ 9. bxc3 Qa5) 8... Nc6
9. O-O-O Bd7 10. Ne4 Be7 11. exf6 gxf6 {Nach einigen forcierten Zügen haben
wir eine Stellung vor uns, in der Schwarz drei Bauern für die Figur hat.} 12.
Bh4 Rc8 {[%cal Gc8c1]} 13. Kb1 Na5 14. Qc2 e5 15. Nxd4 {Weiß hat nichts
besseres - die schwarze Bauernkette ist so stark, dass Weiß die Figur
zurückgeben muss.} exd4 16. Rxd4 Qb6 17. Rd6 {Dieser Turmzug ist nur eine
interessante Möglichkeit für Weiß, es gibt viele Alternativen.} (17. Rd5) (17.
Rxd7) (17. Nxf6+) 17... Rc6 18. Bxf6 (18. Rxc6 Qxc6 19. Be2 f5 (19... O-O 20.
g4 Qe6 21. Re1 Ba4 22. Qxa4 Qxe4+ 23. Qc2 Qxc2+ 24. Kxc2 Bb4 25. Rd1 Re8 26.
Bf3 Kg7 27. Rd4 {1-0 Kacheishvili,G-Gyimesi,Z/Zagan 1997/CBM 59 ext (46)}) 20.
Bxe7 Qxe4 21. Bb4 (21. Bf6 Rg8 22. Bf3 Qxc2+ 23. Kxc2 {1/2-1/2 Komarov,
D-Smagin,S/Norilsk 1987/EXT 97 (23)}) 21... Nc6 22. Bc3 Rg8 23. Bf3 Qxc2+ 24.
Kxc2 Be6 25. g3 Ke7 26. Rd1 Rd8 27. Bxc6 Rxd1 28. Kxd1 bxc6 29. Kd2 c5 30. Ke3
f6 {1/2-1/2 Gurevich,M-Jussupow,A/Leningrad 1987/CBM 03 (30)}) 18... Rxd6 (
18... Bxd6 19. Bxh8 Be7 20. Bc3 Bf5 21. Nd6+ Rxd6 22. Qxf5 Nb3 23. Bxc4 Nd2+
24. Bxd2 Rxd2 25. Qxf7+ Kd8 26. Qg8+ Kd7 27. Qg4+ Kd8 28. Bb3 Qxf2 {1/2-1/2
Kuhne,D-Lindinger,M/Germany 1998/EXT 99 (51)}) (18... Rg8 $6 19. Bd4 $16) 19.
Bxh8 Bf5 20. Be2 $8 Re6 21. Bf3 Bg6 $146 {[%mdl 4] Dieser ruhige Läuferzug ist
eine gute Wahl in dieser scharfen Stellung. Die Idee des Zugs ist, dass der
Läufer auf g6 verteidigt ist. Solange der Läufer auf f5 steht, muss Schwarz
immer mit dem Motiv Nd6+ und Qxf5 rechnen.} (21... Kf8 $6 22. g4 Bg6 23. Bg2 f6
$2 {Sehr riskant.} (23... Qc6 24. Re1 Qc7 25. h3 $14) 24. f4 {1/2-1/2 Atalik,
S-Xu Jun/Moscow 2001/CBM 86/[Atalik] (52)}) (21... Nc6 22. Nd6+ (22. Qxc4 Qb4
$1 $19 {[%csl Re4]}) 22... Rxd6 23. Qxf5 Nd4 $1 24. Bxd4 (24. Qc8+ Rd8 25. Qxb7
(25. Qxc4 Qg6+ $19) 25... Qxb7 26. Bxb7 f6 {[%csl Rh8]} 27. Bg7 Nf5 $19) 24...
Rxd4 $11 25. Qc8+ Rd8 26. Qxc4 Bf6 27. Qc2 Kf8 {1/2-1/2 Kalinitschew,
S-Janjgava,L/Novosibirsk 1989/TD (50)}) 22. Bc3 {Weiß muss den Läufer zurück
ziehen, denn in vielen Varianten droht Schwarz den Läufer mittels f7-f6
einzuschließen.} Nc6 $11 {[%cal Gg6b1] Schwarz hat eine gesunde Stellung
erreicht - sein König steht sicher in der Mitte, während die Fesslung auf der
Diagonale h7-b1 für Weiß unangenehm ist. Andererseits stehen aber auch die
weißen Figuren aktiv.} 23. Re1 {[%cal Ge1e8] Weiß verteidigt den Ne4 und
möchte seine Dame befreien.} Nb4 (23... f5 $2 24. Nf6+ $18) 24. Qa4+ Kf8 {
[%cal Rb6f2,Gb4d3]} (24... Qc6 25. Qxc6+ Nxc6 $11) 25. Re2 f5 26. Nc5 $1 (26.
Ng5 Rxe2 27. Bxe2 Qxf2 28. Ne6+ (28. Bxb4 Qxe2 $19) 28... Kg8 $19) (26. Ng3
Rxe2 27. Nxe2 f4+ 28. Ka1 Qxf2 $19) 26... Bxc5 27. Rxe6 f4+ $1 (27... Qxe6 28.
Bxb4 f4+ 29. Kc1 $11) 28. Rxg6 (28. Kc1 $4 Nd3+ $19) 28... Qxg6+ 29. Kc1 (29.
Ka1 Nc2+ 30. Kb1 Ne1+ 31. Kc1 b5 32. Qd1 Nd3+ $17 {Druch Zugumstellung
gelangen wir zu unserer Partie.}) 29... b5 $1 30. Qd1 $8 Nd3+ 31. Kb1 Nb4+ (
31... Nxf2+ 32. Qc2 $15 {Schwarz hat einen Mehrbauern, aber angesichts des
gegnerischen Läuferpaares ist dieser Vorteil kaum zu verwerten.}) 32. Kc1 Nxa2+
$17 33. Kd2 Nxc3 $6 (33... Bxf2 $142 $1 34. Ke2 Bb6 35. Be5 Qd3+ 36. Qxd3 Nc1+
$17) 34. Kxc3 Qf6+ 35. Kc2 Bxf2 {[%mdl 1024]} 36. Qd5 $132 {Weiß hat zwei
Bauern weniger, aber seine Dame ist aktiv und die ungleichfarbigen Läufer
erhöhen seine Remischancen.} Be3 (36... a6 37. Qa8+ Kg7 38. Qb7+ Qf7 39. Qxf7+
Kxf7 40. Bb7 $11) 37. Qa8+ Kg7 38. Qb7+ Qf7 39. Qxf7+ Kxf7 40. Bc6 $11 {
Schwarz hat zwei Mehrbauern, aber das hat keine Bedeutung, denn Weiß gewinnt
einen Bauern zurück, und das resultierende Läuferendspiel mit ungleichfarbigen
Läufern ist Remis.} (40. Bc6 b4 (40... a6 41. Bb7 $11) 41. Bd5+ $11) 1/2-1/2

[Event "EU-Cup 18th"]
[Site "Kallithea"]
[Date "2002.09.26"]
[Round "5.2"]
[White "Dreev, Alexey"]
[Black "Kishnev, Sergey"]
[Result "1-0"]
[WhiteElo "2676"]
[BlackElo "2497"]
[Annotator "Ribli,Z"]
[PlyCount "47"]
[EventDate "2002.09.22"]
[EventType "team-swiss"]
[EventRounds "7"]
[EventCountry "GRE"]
[SourceTitle "CBM 092"]
[Source "ChessBase"]
[SourceDate "2003.02.06"]
[SourceVersion "1"]
[SourceVersionDate "2003.02.06"]
[SourceQuality "1"]
[WhiteTeam "Norilsk Nikel"]
[BlackTeam "Eupen Rochade"]
[WhiteTeamCountry "RUS"]
[BlackTeamCountry "BEL"]

1. d4 Nf6 2. c4 e6 3. Nf3 d5 4. Nc3 dxc4 5. e4 Bb4 6. Bg5 c5 7. Bxc4 (7. e5
cxd4 8. Nxd4 {Das war früher immer die Lieblingsvariante des russischen
Grossmeisters.}) 7... cxd4 8. Nxd4 Bxc3+ 9. bxc3 Qa5 10. Bb5+ {Heutzutage in
der Grossmeisterpraxis ist das die beste Fortsetzung - die Alternativen sind
10.Nb5 und 10.Bxf6.} Nbd7 (10... Bd7) 11. Bxf6 Qxc3+ 12. Kf1 gxf6 13. h4 {
[%cal Gh1h3,Gh3c3]} Qa5 (13... a6 $5 {Wahrsacheinlich muss Schwarz jetzt oder
einen Zug spaeter so spielen.}) 14. Rh3 e5 $2 {Das war eine theoretische
Fortsetzung, aber nach Dreevs Zug - ich glaube - die schwarzen Spieler
moechten etwas anderes spielen.} (14... a6 $6 15. Be2 Nc5 (15... Ke7 16. Qc1
Rd8 17. Rc3 Qe5 18. Nf3 Qxe4 19. Qa3+ Ke8 20. Rd1 b5 21. Rd4 Qb7 22. Nd2 Ne5
23. Rxd8+ Kxd8 24. Qf8+ Kd7 25. Bf3 Qa7 26. Bxa8 Qxa8 27. Ne4 {1-0 Horvath,
C-Ekstroem,R/Montecatini Terme 1997/CBM 61 ext (27)}) (15... Ne5 16. Qb3 Ke7
17. Rd1 Rd8 18. a4 Bd7 19. Qa3+ Ke8 20. Rg3 Ng6 21. h5 Qxa4 22. hxg6 hxg6 23.
Qb2 {1-0 Maksimenko,A-Wells,P/Germany 2001/CBM 88 ext (32)}) 16. Qc2 $5 Bd7 17.
Rc1 b6 18. Qb2 $44 Ke7 19. Rc4 {1-0 Gabriel,C-Pelletier,Y/Zuerich 1999/CBM 73/
[Ribli] (28)}) (14... Ke7 15. Rb1 Rd8 16. Qc1 Ne5 17. Qc5+ Rd6 18. Rd1 Qb6 19.
Nc6+ bxc6 20. Qxd6+ Ke8 21. Rg3 Qxb5+ 22. Kg1 {1-0/Adorjan,A-Chernin,A/
Debrecen/1990/}) 15. Nf5 $3 $146 {[%mdl 72] Eine phantastische (natuerlich
vorbereitete) Neuerung - Weiss lässt den Bb5 mit Schach einstehen und zieht
einen Zug spaeter seinen Turm in die Fesselung.} (15. Bxd7+ $2 Bxd7 16. Nf5
Bxf5 17. exf5 Rd8 18. Qc1 Rg8 19. Qc4 h5 20. a4 Rg4 {1/2-1/2 Farago,I-Hoelzl,F/
Budapest 1995/EXT 97 (49)}) 15... Qxb5+ 16. Rd3 $18 {[%csl Re8,Gf5][%cal Rf5d6,
Rd6b5,Rd6e8,Gd1d8] Droht 17.Nd6+ mit sofortigen Gewinn. Schwarz hat zwar eine
Figur mehr, aber sein Koenig steht katastrophal schlecht und alle seine
Figuren sind passiv.} Qb6 (16... Kf8 17. Nd6 Qa6 18. Qb3 $18 {[%cal Rb3f7,
Rf7f8]}) (16... Qa6 17. Kg1 $18 {[%cal Ga1c1,Gc1c8]}) 17. Rb1 Qa6 18. Kg1 $1
Qxa2 19. Rc1 {[%csl Gc1,Gd1,Gd3,Re8,Gf5] Schwarz kann sich nicht gegen die
verschiedenen Drohengen verteidigen.} b5 (19... Kf8 20. Rdc3 $18) 20. Rc7 Qa4
21. Qc1 Qa6 22. Rd6 Qxd6 (22... Qa5 23. Rxc8+ Rxc8 24. Qxc8+ Qd8 25. Ng7+ Ke7
26. Rxd7+ Qxd7 27. Qxh8 $18) 23. Nxd6+ Ke7 24. Rxc8 1-0

[Event "Corus"]
[Site "Wijk aan Zee"]
[Date "2002.01.17"]
[Round "5"]
[White "Dreev, Alexey"]
[Black "Piket, Jeroen"]
[Result "1-0"]
[WhiteElo "2683"]
[BlackElo "2659"]
[Annotator "Ribli,Z"]
[PlyCount "81"]
[EventDate "2002.01.12"]
[EventType "tourn"]
[EventRounds "13"]
[EventCountry "NED"]
[EventCategory "18"]
[SourceTitle "CBM 087"]
[Source "ChessBase"]
[SourceDate "2002.03.21"]
[SourceVersion "1"]
[SourceVersionDate "2002.03.21"]
[SourceQuality "1"]

1. d4 Nf6 2. c4 e6 3. Nf3 d5 4. Nc3 dxc4 {In der letzten Zeit ist die
sogenannte Wiener Variante sehr populär. Schwarz strebt lebendiges
Figurenspiel an, aber es ist in der Regel Weiß, der zu Entwicklungsvorteil
kommt.} 5. e4 Bb4 6. Bg5 c5 7. e5 {GM Dreev spielt gerne diese Variante, die
Mehrheit den Großmeister spielt hingegen lieber 7.Bxc4.} (7. Bxc4 cxd4 8. Nxd4
Bxc3+ 9. bxc3 Qa5 {Das ist eine kritische (Grund)Stellung der Variante 7.Bxc4.}
) 7... h6 {Das ist eine Nebenvariante - die Hauptfortsetzung lautet 7...cxd4.}
(7... cxd4 8. Nxd4 Qa5 9. exf6 Bxc3+ 10. bxc3 Qxg5 11. fxg7 Qxg7 12. Qd2 O-O
13. Bxc4 Rd8 (13... Bd7 14. O-O Nc6 (14... Rc8 15. Bb3 Rc5 16. f4 Nc6 17. Rad1
Rc8 18. Rf3 {1-0 Dreev,A-Morozevich,A/Moscow 1996/CBM 52 ext (38)}) 15. f4 Nxd4
16. cxd4 Bc6 (16... Rac8 17. Bb3 Rfd8 18. Rf3 Kh8 19. Rg3 Qf6 {1/2-1/2
Tkachiev,V-Tukmakov,V/Solin CRO 1999/[Ribli] (29)}) 17. Rad1 Rad8 18. Rf2 Ba4 {
1/2-1/2 Shchekachev,A-Bauer,C/France 2000/EXT 2001/(18)}) (13... a6 $5 14. O-O
b5 15. Bb3 b4) 14. Qe3 Bd7 15. O-O Nc6 16. Nf3 Ne7 17. Ne5 Ng6 18. f4 Nxe5 (
18... Rac8) 19. fxe5 Bc6 $11 {1/2-1/2 Dreev,A-Xu Jun/Shanghai 2001/CBM 85/
[Ribli] (31)}) 8. Bd2 (8. exf6 hxg5 9. fxg7 Rg8 10. dxc5 Qxd1+ 11. Rxd1 Rxg7
$11) 8... Bxc3 (8... Nd5 {Dieser natürliche Springerzug wird selten gespielt,
aber vielleicht ist er gar nicht schlechter als die Partiefortsetzung.} 9. Bxc4
Nb6 10. Bb5+ Bd7 11. Bxd7+ N6xd7 12. Ne4 Bxd2+ (12... Qb6 13. Nd6+ Ke7 14. O-O
cxd4 15. Nc4 Qc5 16. Bxb4 Qxb4 17. Rc1 Nc6 18. Nxd4 Nxd4 19. Qxd4 Rhd8 20. a3
Qc5 21. Qh4+ Kf8 22. b4 Qb5 23. Rfd1 $14) 13. Qxd2 O-O 14. Nxc5 $1 $14 (14.
dxc5 Qc7 15. Qc3 Qc6 $44)) 9. bxc3 Ne4 10. Bxc4 Bd7 {Schwarz bereitet 11...Bc6
vor.} (10... Nc6 11. O-O Nxd2 (11... O-O $6 12. Be1 $1 Ng5 $6 (12... cxd4 $5
13. cxd4 Ng5 $14) 13. Nxg5 hxg5 14. Qe2 $1 {1-0 Dreev,A-Giorgadze,G/Tbilisi
1989/CBM 12/[Bulletin] (41)}) 12. Qxd2 O-O 13. Bd3 cxd4 14. cxd4 b6 15. Qf4 Bb7
16. Qe4 g6 17. Qf4 Nb4 $1 18. Qxh6 Bxf3 19. Bxg6 fxg6 20. Qxg6+ Kh8 21. Qh6+ {
1/2-1/2 Khalifman,A-Magem Badals,J/Dos Hermanas 1993/CBM 36/[Ftacnik] (21)})
11. d5 O-O (11... exd5 12. Bxd5 Bc6 13. Bxe4 Bxe4 14. Qa4+ Bc6 15. Qg4 $36) 12.
O-O (12. dxe6 Bxe6 13. Bxe6 fxe6 14. O-O Nc6 $15 (14... Rxf3 $2 15. Qxf3 Nxd2
16. Qxb7 $14)) 12... exd5 13. Bxd5 Bc6 14. Bxe4 Bxe4 15. Be3 {Weiß hat
leichten Raumvorteil, aber die schwarze Bauernstruktur ist besser.} Qxd1 $6 (
15... Nd7 $142 $5 $13) 16. Rfxd1 b6 17. Rd6 $14 {[%csl Gd6] Der weiße Turm
steht ausgezeichnet auf d6 - es ist nicht leicht für Schwarz, die Entwicklung
abzuschließen.} Rc8 {Schwarz muss 18...Nc6 erst vorbereiten, denn auf das
sofortige 17...Nc6? folgt 18.Nd2 mit Figurengewinn.} (17... Bxf3 18. gxf3 $14 {
Anschließend kann Weiß f3-f4 und Kg2-f3 spielen - mit spürbarem positionellen
Druck.}) 18. Nd2 {Der Springer geht weg, um die Mobilisierung der weißen
Bauernmehrheit am Königsflügel einzuleiten.} Bf5 19. h3 h5 (19... Nc6 20. g4
Be6 21. f4 $14 {[%csl Ge5,Gf4,Gg4]}) 20. Bg5 $1 $146 {[%csl Gg5] Das ist die 
(wahrscheinlich vorbereitete Neuerung von Dreev). Der Läufer steht aktiv auf
g5, nun kann Schwarz auf absehbare Zeit nicht Rd8 ziehen.} (20. f4 Nc6 21. Kf2
Na5 22. g4 hxg4 23. hxg4 Bxg4 24. Rg1 Be6 25. Rg5 Nb7 26. Rd3 Rd8 27. Rxd8+
Rxd8 28. f5 {1-0 Shchekachev,A-Piket,J/Amsterdam NED 2001/(53)}) 20... Nc6 (
20... Kf8 21. Nf1 $14 {[%cal Gf1e3,Gf1g3]}) 21. f4 Na5 (21... b5 22. Nf1 $14 {
[%cal Gf1e3,Gf1g3]}) 22. Re1 Re8 (22... Nb7 23. Rd5 (23. Nc4 b5 $17) 23... Be6
24. Rd3 (24. c4 $2 Bxd5 (24... b5 $5) (24... Na5 $5) 25. cxd5 c4 $17) 24...
Bxa2 (24... c4 25. Rd4 $14 {[%csl Gd4]}) 25. Rd7 $1 (25. c4 Na5) 25... Na5 26.
f5 $44) 23. Kf2 Re6 (23... Nb7 $5 24. Rd5 Be6 25. Rd3 Bxa2 26. Rd7 $44) 24. Rd5
Rae8 {[#]} 25. g4 $5 {[%mdl 512] Mit diesem Bauernopfer öffnet Weiß die
g-Linie.} hxg4 26. hxg4 Bxg4 27. Rg1 Bf5 28. Bf6 $44 Bg6 (28... g6 29. Rh1 (29.
Rd6 $2 Rxd6 30. exd6 Re6 31. d7 Nc6 $17) 29... Rxf6 30. exf6 $14) 29. Bh4 Bf5
$6 {Schwarz möchte sich gegen 30.Rd7 verteidigen.} (29... Nc6 $142 $13 {
[%cal Gc6e7,Ge7d5,Ge7f5]}) 30. Rg5 Rh6 $6 (30... g6 31. Rg1 $44) (30... Bc2 $5)
31. Rxf5 Rxh4 32. Rd7 {[%csl Gd7][%cal Rd7a7,Rd7f7][%mdl 2048]} f6 (32... Rf8
33. Ne4 $36 {[%cal Ge4d6,Ge4g5] Und der Rückgewinn des Bauern (mit besserer
Stellung für Weiß) ist abzusehen.}) 33. exf6 gxf6 34. Rxf6 $14 {Die Stellung
ist materiell wieder ausgeglichen, aber der Na5 steht weit ab vom Ort des
Geschehens. Weiß hat eindeutig die Initiative am Königsflügel.} Rf8 $6 (34...
Rh2+ $142 35. Kf3 Rhe2) 35. Rxf8+ Kxf8 36. Kg3 Rh1 37. Rxa7 $16 {Jetzt hat
Weiß schon einen Bauern mehr, aber da das Material reduziert ist, bekommt
Schwarz Remischancen.} Rd1 (37... Ra1 38. Ne4 Rxa2 39. f5 Ra3 40. f6 Nc4 41.
Rc7 Ra1 42. Ng5 Rg1+ 43. Kh4 (43. Kf4 Rf1+ 44. Kg4 Rxf6 45. Nh7+ $18) 43... Nd6
44. Kh5 Rf1 45. Rd7 $18 (45. Kg6 $2 Rxf6+ 46. Kxf6 Ne8+ $11 {[%cal Re8c7,Re8f6]
}) (45. Ne6+ Kg8 46. Kg6 $18)) 38. Ne4 Nc4 39. f5 Rf1 $2 $138 (39... Rg1+ $142
40. Kf4 Rf1+ 41. Kg5 Re1 42. Nf6 $16) 40. f6 Ne5 $2 (40... Rf5 $16) 41. Ng5 $1
$18 (41. Ng5 Rxf6 (41... Ke8 42. Re7+ $18 {[%cal Re7e8,Re7e5]}) 42. Nh7+ $18 {
[%cal Rh7f6,Rh7f8]}) 1-0